Top 10 Serial Killer Countries - Statistics

General Stats
  • This quiz has been taken 865 times
  • The average score is 8 of 10
Answer Stats
Hint Answer % Correct
2,743 United States
99%
145 United Kingdom
92%
70 Russia
89%
75 Germany
84%
101 Canada
79%
91 Japan
75%
65 India
70%
75 Australia
68%
94 Italy
65%
112 South Africa
39%
No matching quizzes found
Score Distribution
Percent of People with Each Score
Percentile by Number Answered
Your Score History
You have not taken this quiz